| 000 | 00782nam a22002417a 4500 | ||
|---|---|---|---|
| 999 |
_c190 _d190 |
||
| 003 | AR-CdUCM | ||
| 008 | 190222b ||||| |||| 00| 0 spa d | ||
| 040 |
_aMUNICIPALIDAD PROVINCIAL DEL CUSCO _cBIBLIOTECA MUNICIPAL DEL CUSCO |
||
| 082 |
_a869.508 / _bY47 |
||
| 100 |
_aYerovi, Leonidas _9863 |
||
| 245 | _aPoesia y Teatro / | ||
| 260 |
_aLima : _bUniverso, _c1969. |
||
| 300 |
_a246 paginas ; _c17 cm. |
||
| 440 |
_aColección Autores Peruanos. _9864 |
||
| 505 | _aLa señorita ilusión -- La cena de Margot -- El dolor de Eulalia -- Versos del carnaval -- Epistolario del amor... | ||
| 650 |
_aActor _9865 |
||
| 650 |
_aPoeta _9866 |
||
| 650 |
_aExclamacion _9867 |
||
| 650 |
_aAmores _9118 |
||
| 650 |
_aDecepciones _9868 |
||
| 942 |
_2ddc _cLIBROS |
||
| 945 |
_awnts _d2019-02-22 |
||